00382cam a22001217a 4500008004000000082001500040100002300055245009200078260002700170300001000197650003300207700002000240180718b1953 xxu||||| |||| 00| 0 eng d aR8x73 Sa99 aSayles, Leonard R. aLocal union: its place in the industrial plantcby Leonard R. Sayles and George Strauss aNew YorkbHarperc1953 a269p. aLabor unions --United States aStrauss, George